Heimische Vögel Bildquiz #3 - Statistiken

Allgemein
  • Dieses Quiz wurde 149 mal gespielt
  • Das Durchschnittsergebnis liegt bei 9 aus 16
Antwortstatistiken
Bildquiz Antwort % Korrekt
Amsel
97%
Elster
95%
Eisvogel
91%
Haussperling
80%
Graugans
78%
Zaunkönig
59%
Höckerschwan
54%
Waldkauz
54%
Sperber
53%
Rabenkrähe
51%
Wasseramsel
30%
Rohrdommel
29%
Drosselrohrsänger
22%
Großer Brachvogel
22%
Feldlerche
19%
Gänsesäger
16%
Keine übereinstimmenden Quizze gefunden
Verteilung der Resultate
Anzahl Personen mit jedem Resultat
Perzentil nach korrekt beantworteten Fragen
Ihre Resultats-Entwicklung
Sie haben dieses Quiz noch nicht gespielt